[Event "25th European Club Cup Women 2021"]
[Site "Struga"]
[Date "2021.09.23"]
[Round "6.1"]
[White "Bivol, Alina"]
[Black "Muzychuk, Anna"]
[Result "1/2-1/2"]
[WhiteElo "2385"]
[BlackElo "2534"]
[Annotator "ChessBase"]
[PlyCount "53"]
[EventDate "2021.09.18"]
[EventType "team-tourn"]
[EventCountry "MKD"]
[SourceTitle "playchess.com"]
[Source "ChessBase"]
[SourceQuality "1"]
[TimeControl "40/5400+30:1800+30"]

1. e4 {[%emt 0:00:05]} e5 {[%emt 0:00:08]} 2. Nf3 {[%emt 0:00:06]} Nc6 {
[%emt 0:00:08]} 3. Nc3 {[%emt 0:00:06]} Nf6 {[%emt 0:00:25]} 4. Bb5 {[%emt 0:
00:05]} Nd4 {[%emt 0:00:51]} 5. Nxd4 {[%emt 0:00:25]} exd4 {[%emt 0:00:09]} 6.
e5 {[%emt 0:00:03]} dxc3 {[%emt 0:01:32]} 7. exf6 {[%emt 0:00:08]} Qxf6 {
[%emt 0:01:11]} 8. dxc3 {[%emt 0:00:28]} Bc5 {[%emt 0:00:37]} 9. Qe2+ {[%emt 0:
00:44]} Qe7 {[%emt 0:04:27]} 10. Qxe7+ {[%emt 0:03:00]} Kxe7 {[%emt 0:01:05]}
11. O-O {[%emt 0:00:58]} d5 {[%emt 0:01:46]} 12. Re1+ {[%emt 0:05:16]} Be6 {
[%emt 0:02:07]} 13. a4 {[%emt 0:04:22]} c6 {[%emt 0:02:30]} 14. Bd3 {[%emt 0:
00:14]} Kd7 {[%emt 0:01:42]} 15. Bf4 {[%emt 0:01:47]} Rae8 {[%emt 0:04:05]} 16.
b4 {[%emt 0:02:49]} Bd6 {[%emt 0:03:40]} 17. Be3 {[%emt 0:01:10]} a6 {[%emt 0:
00:31]} 18. f4 {[%emt 0:05:01]} g6 {[%emt 0:05:48]} 19. Kf2 {[%emt 0:01:44]}
Bf5 {[%emt 0:03:01]} 20. Bd4 {[%emt 0:02:00]} Rhg8 {[%emt 0:00:45]} 21. Kf3 {
[%emt 0:03:18]} h5 {[%emt 0:14:12]} 22. g3 {[%emt 0:04:09]} Bg4+ {[%emt 0:04:
29]} 23. Kf2 {[%emt 0:03:19]} Bf5 {[%emt 0:03:46]} 24. Kf3 {[%emt 0:00:43]}
Bg4+ {[%emt 0:00:05]} 25. Kf2 {[%emt 0:00:06]} Bf5 {[%emt 0:00:04]} 26. Kf3 {
[%emt 0:00:06]} Bg4+ {[%emt 0:00:04]} 27. Kf2 {[%emt 1:01:48]} 1/2-1/2

[Event "25th European Club Cup Women 2021"]
[Site "Struga"]
[Date "2021.09.23"]
[Round "6.2"]
[White "Muzychuk, Mariya"]
[Black "Heinemann, Josefine"]
[Result "1/2-1/2"]
[WhiteElo "2540"]
[BlackElo "2292"]
[Annotator "ChessBase"]
[PlyCount "70"]
[EventDate "2021.09.18"]
[EventType "team-tourn"]
[EventCountry "MKD"]
[SourceTitle "playchess.com"]
[Source "ChessBase"]
[SourceQuality "1"]
[TimeControl "40/5400+30:1800+30"]

1. e4 {[%emt 0:00:05]} c5 {[%emt 0:00:07]} 2. c3 {[%emt 0:00:19]} Nf6 {[%emt 0:
00:12]} 3. e5 {[%emt 0:00:13]} Nd5 {[%emt 0:00:05]} 4. Nf3 {[%emt 0:00:20]} d6
{[%emt 0:00:47]} 5. exd6 {[%emt 0:00:49]} Qxd6 {[%emt 0:02:57]} 6. d4 {[%emt 0:
00:31]} cxd4 {[%emt 0:01:23]} 7. Na3 {[%emt 0:00:18]} a6 {[%emt 0:04:55]} 8.
Nc4 {[%emt 0:02:58]} Qd8 {[%emt 0:02:40]} 9. Nxd4 {[%emt 0:03:34]} g6 {[%emt 0:
05:57]} 10. Be2 {[%emt 0:01:09]} Bg7 {[%emt 0:00:31]} 11. Bf3 {[%emt 0:01:03]}
e6 {[%emt 0:11:42]} 12. Bxd5 {[%emt 0:04:16]} exd5 {[%emt 0:01:09]} 13. Qe2+ {
[%emt 0:00:11]} Kf8 {[%emt 0:01:13]} 14. Ne5 {[%emt 0:02:54]} Qe7 {[%emt 0:05:
42]} 15. Bf4 {[%emt 0:01:32]} f6 {[%emt 0:02:39]} 16. Nef3 {[%emt 0:03:13]}
Qxe2+ {[%emt 0:00:47]} 17. Nxe2 {[%emt 0:01:17]} Nc6 {[%emt 0:02:39]} 18. O-O-O
{[%emt 0:01:09]} Be6 {[%emt 0:03:45]} 19. Nfd4 {[%emt 0:00:34]} Nxd4 {[%emt 0:
02:56]} 20. Nxd4 {[%emt 0:00:07]} Bd7 {[%emt 0:00:21]} 21. Nc2 {[%emt 0:05:36]}
Be6 {[%emt 0:07:46]} 22. Nb4 {[%emt 0:02:02]} Rd8 {[%emt 0:00:37]} 23. Rd3 {
[%emt 0:02:08]} Kf7 {[%emt 0:03:33]} 24. Rhd1 {[%emt 0:02:02]} Rd7 {[%emt 0:01:
38]} 25. Be3 {[%emt 0:12:59]} Rhd8 {[%emt 0:05:44]} 26. g3 {[%emt 0:07:29]} d4
{[%emt 0:06:52]} 27. Bxd4 {[%emt 0:08:13]} Bf8 {[%emt 0:01:25]} 28. Bb6 {
[%emt 0:02:46]} Rxd3 {[%emt 0:00:09]} 29. Nxd3 {[%emt 0:00:21]} Rd6 {[%emt 0:
02:39]} 30. Bc7 {[%emt 0:11:59]} Rc6 {[%emt 0:01:11]} 31. Ba5 {[%emt 0:00:40]}
Bxa2 {[%emt 0:01:21]} 32. Bb4 {[%emt 0:00:17]} Bb3 {[%emt 0:02:48]} 33. Re1 {
[%emt 0:00:37]} Bxb4 {[%emt 0:00:34]} 34. Nxb4 {[%emt 0:00:04]} Re6 {[%emt 0:
00:05]} 35. Rxe6 {[%emt 0:02:05]} Kxe6 {[%emt 0:00:52]} 1/2-1/2

[Event "25th European Club Cup Women 2021"]
[Site "Struga"]
[Date "2021.09.23"]
[Round "6.3"]
[White "Dordzhieva, Dinara"]
[Black "Osmak, Iulija"]
[Result "1-0"]
[WhiteElo "2303"]
[BlackElo "2428"]
[Annotator "NA"]
[PlyCount "73"]
[EventDate "2021.09.18"]
[EventType "team-tourn"]
[EventCountry "MKD"]
[SourceTitle "playchess.com"]
[Source "ChessBase"]
[SourceQuality "1"]
[TimeControl "40/5400+30:1800+30"]

1. d4 {[%emt 0:00:03]} d5 {[%emt 0:00:08]} 2. Nf3 {[%emt 0:00:05]} Nf6 {
[%emt 0:00:11]} 3. c4 {[%emt 0:00:09]} c6 {[%emt 0:00:10]} 4. g3 {[%emt 0:00:
28]} Bg4 {[%emt 0:00:16]} 5. Ne5 {[%emt 0:00:05]} Bf5 {[%emt 0:00:05]} 6. cxd5
{[%emt 0:00:33]} cxd5 {[%emt 0:00:14]} 7. Nc3 {[%emt 0:00:39]} Nc6 {[%emt 0:02:
02]} 8. f3 {[%emt 0:00:06]} g6 {[%emt 0:00:34]} 9. Bg2 {[%emt 0:00:50]} Bg7 {
[%emt 0:00:05]} 10. e3 {[%emt 0:02:39]} O-O {[%emt 0:05:04]} 11. O-O {[%emt 0:
00:40]} Rc8 {[%emt 0:13:47]} 12. g4 {[%emt 0:00:38]} Be6 {[%emt 0:00:46]} 13.
Nd3 {[%emt 0:00:54]} Nd7 {[%emt 0:17:24]} 14. Nf4 {[%emt 0:14:31]} Nb6 {
[%emt 0:05:37]} 15. Nxe6 {[%emt 0:05:04]} fxe6 {[%emt 0:00:03]} 16. f4 {
[%emt 0:00:05]} Kh8 {[%emt 0:02:56]} 17. g5 {[%emt 0:04:18]} Nc4 {[%emt 0:01:
23]} 18. Qg4 {[%emt 0:03:25]} Qd6 {[%emt 0:08:44]} 19. Nd1 {[%emt 0:20:50]} Nb4
{[%emt 0:11:27]} 20. b3 {[%emt 0:15:34]} Nxe3 {[%emt 0:10:41]} 21. Bxe3 {
[%emt 0:04:25]} Nc2 {[%emt 0:00:17]} 22. Rb1 {[%emt 0:01:49]} Nxe3 {[%emt 0:00:
57]} 23. Nxe3 {[%emt 0:00:03]} Bxd4 {[%emt 0:00:05]} 24. Rbe1 {[%emt 0:01:09]}
Rc3 {[%emt 0:02:51]} 25. Rf3 {[%emt 0:00:59]} e5 {[%emt 0:04:49]} 26. fxe5 {
[%emt 0:05:18]} Bxe3+ {[%emt 0:02:41]} 27. Kh1 {[%emt 0:02:40]} Qd8 {[%emt 0:
01:59]} 28. Rfxe3 {[%emt 0:00:06]} d4 {[%emt 0:01:04]} 29. Re4 {[%emt 0:01:04]}
d3 {[%emt 0:00:31]} 30. Rd4 {[%emt 0:00:35]} Qa5 {[%emt 0:01:36]} 31. Qe4 {
[%emt 0:02:33]} Qxa2 {[%emt 0:01:57]} 32. Rxd3 {[%emt 0:00:31]} Qxb3 {[%emt 0:
02:03]} 33. Rd7 {[%emt 0:03:07]} Rc2 {[%emt 0:03:59]} 34. Rxe7 {[%emt 0:02:27]}
Qc3 {[%emt 0:00:31]} 35. Rxb7 {[%emt 0:02:27]} Qd2 {[%emt 0:00:19]} 36. e6 {
[%emt 0:00:43]} Rc1 {[%emt 0:00:28]} 37. Qe5+ {[%emt 0:00:08]} 1-0

[Event "25th European Club Cup Women 2021"]
[Site "Struga"]
[Date "2021.09.23"]
[Round "6.4"]
[White "Buksa, Nataliya"]
[Black "Hrescak, Ivana"]
[Result "1-0"]
[WhiteElo "2417"]
[BlackElo "2142"]
[Annotator "ChessBase"]
[PlyCount "113"]
[EventDate "2021.09.18"]
[EventType "team-tourn"]
[EventCountry "MKD"]
[SourceTitle "playchess.com"]
[Source "ChessBase"]
[SourceQuality "1"]
[TimeControl "40/5400+30:1800+30"]

1. e4 {[%emt 0:01:44]} c5 {[%emt 0:00:06]} 2. Nf3 {[%emt 0:00:05]} d6 {[%emt 0:
00:05]} 3. d4 {[%emt 0:00:04]} cxd4 {[%emt 0:00:04]} 4. Nxd4 {[%emt 0:00:02]}
Nf6 {[%emt 0:00:07]} 5. Nc3 {[%emt 0:00:04]} a6 {[%emt 0:00:04]} 6. h4 {
[%emt 0:00:03]} e5 {[%emt 0:02:12]} 7. Nb3 {[%emt 0:00:15]} Be6 {[%emt 0:01:20]
} 8. f4 {[%emt 0:00:03]} Qc7 {[%emt 0:02:51]} 9. f5 {[%emt 0:12:00]} Bc4 {
[%emt 0:01:01]} 10. g4 {[%emt 0:03:48]} d5 {[%emt 0:18:22]} 11. Nxd5 {[%emt 0:
02:56]} Bxd5 {[%emt 0:03:29]} 12. exd5 {[%emt 0:00:04]} e4 {[%emt 0:00:15]} 13.
Be3 {[%emt 0:08:18]} Qg3+ {[%emt 0:08:45]} 14. Bf2 {[%emt 0:00:45]} Qf4 {
[%emt 0:14:45]} 15. Qd2 {[%emt 0:07:53]} Bd6 {[%emt 0:03:18]} 16. Be2 {[%emt 0:
03:40]} Qxd2+ {[%emt 0:07:37]} 17. Nxd2 {[%emt 0:01:01]} Bf4 {[%emt 0:02:00]}
18. Rh3 {[%emt 0:02:04]} Nxd5 {[%emt 0:03:08]} 19. Nxe4 {[%emt 0:06:20]} Nc6 {
[%emt 0:00:49]} 20. a3 {[%emt 0:05:02]} O-O-O {[%emt 0:03:26]} 21. c4 {[%emt 0:
02:03]} Nf6 {[%emt 0:01:47]} 22. Nxf6 {[%emt 0:02:45]} gxf6 {[%emt 0:01:58]}
23. Rd1 {[%emt 0:00:04]} Rxd1+ {[%emt 0:04:59]} 24. Kxd1 {[%emt 0:00:05]} Ne5 {
[%emt 0:00:39]} 25. Be3 {[%emt 0:02:49]} Rd8+ {[%emt 0:00:52]} 26. Kc2 {
[%emt 0:00:47]} Bxe3 {[%emt 0:00:45]} 27. Rxe3 {[%emt 0:00:04]} Rd4 {[%emt 0:
00:09]} 28. g5 {[%emt 0:16:02]} Rf4 {[%emt 0:07:32]} 29. gxf6 {[%emt 0:00:03]}
Rxf5 {[%emt 0:00:10]} 30. Kc3 {[%emt 0:00:32]} Kd7 {[%emt 0:03:16]} 31. b4 {
[%emt 0:02:07]} b6 {[%emt 0:02:58]} 32. Re4 {[%emt 0:05:01]} Kc7 {[%emt 0:01:
28]} 33. a4 {[%emt 0:03:00]} Nc6 {[%emt 0:01:25]} 34. b5 {[%emt 0:03:31]} axb5
{[%emt 0:00:01]} 35. cxb5 {[%emt 0:03:01]} Ne5 {[%emt 0:00:01]} 36. Kb4 {
[%emt 0:00:30]} Kd6 {[%emt 0:03:44]} 37. Rd4+ {[%emt 0:01:35]} Kc7 {[%emt 0:00:
12]} 38. Re4 {[%emt 0:08:13]} Kd6 {[%emt 0:00:38]} 39. h5 {[%emt 0:00:27]} Rxf6
{[%emt 0:01:22]} 40. a5 {[%emt 0:00:00]} bxa5+ {[%emt 0:00:00]} 41. Kxa5 {
[%emt 0:01:17]} Kd5 {[%emt 0:15:04]} 42. Ra4 {[%emt 0:09:48]} Rf2 {[%emt 0:01:
03]} 43. Ra2 {[%emt 0:00:03]} Rf6 {[%emt 0:06:42]} 44. Rd2+ {[%emt 0:01:42]}
Kc5 {[%emt 0:00:10]} 45. Rc2+ {[%emt 0:03:35]} Kd5 {[%emt 0:01:00]} 46. Rb2 {
[%emt 0:14:07]} Kc5 {[%emt 0:05:18]} 47. Ra2 {[%emt 0:00:37]} h6 {[%emt 0:02:
15]} 48. Rb2 {[%emt 0:01:10]} Re6 {[%emt 0:01:30]} 49. Rc2+ {[%emt 0:00:35]}
Kd5 {[%emt 0:00:22]} 50. Rc8 {[%emt 0:00:30]} Rf6 {[%emt 0:01:54]} 51. b6 {
[%emt 0:01:00]} Nc6+ {[%emt 0:01:01]} 52. Ka6 {[%emt 0:00:12]} Rf2 {[%emt 0:01:
32]} 53. Bd1 {[%emt 0:02:23]} Kd6 {[%emt 0:00:52]} 54. Ba4 {[%emt 0:00:33]}
Nb4+ {[%emt 0:00:33]} 55. Ka5 {[%emt 0:00:13]} Rb2 {[%emt 0:00:29]} 56. b7 {
[%emt 0:00:28]} Nd5 {[%emt 0:00:33]} 57. b8=Q+ {[%emt 0:00:34]} 1-0

[Event "25th European Club Cup Women 2021"]
[Site "Struga"]
[Date "2021.09.23"]
[Round "6.5"]
[White "Saduakassova, Dinara"]
[Black "Shuvalova, Polina"]
[Result "1/2-1/2"]
[WhiteElo "2489"]
[BlackElo "2510"]
[Annotator "ChessBase"]
[PlyCount "102"]
[EventDate "2021.09.18"]
[EventType "team-tourn"]
[EventCountry "MKD"]
[SourceTitle "playchess.com"]
[Source "ChessBase"]
[SourceQuality "1"]
[TimeControl "40/5400+30:1800+30"]

1. d4 {[%emt 0:00:26]} d5 {[%emt 0:00:13]} 2. Nf3 {[%emt 0:00:11]} Nf6 {
[%emt 0:00:09]} 3. Bf4 {[%emt 0:00:06]} e6 {[%emt 0:00:42]} 4. e3 {[%emt 0:00:
23]} Bd6 {[%emt 0:00:05]} 5. Nbd2 {[%emt 0:01:08]} O-O {[%emt 0:00:06]} 6. c3 {
[%emt 0:00:23]} b6 {[%emt 0:00:58]} 7. h4 {[%emt 0:00:24]} c5 {[%emt 0:03:55]}
8. Ne5 {[%emt 0:03:50]} Qc7 {[%emt 0:03:00]} 9. h5 {[%emt 0:05:29]} Nfd7 {
[%emt 0:06:04]} 10. Ndf3 {[%emt 0:05:14]} f6 {[%emt 0:05:17]} 11. Nxd7 {
[%emt 0:09:53]} Nxd7 {[%emt 0:07:38]} 12. Qd2 {[%emt 0:02:30]} Bb7 {[%emt 0:03:
34]} 13. Bxd6 {[%emt 0:08:09]} Qxd6 {[%emt 0:00:04]} 14. h6 {[%emt 0:01:35]} g6
{[%emt 0:00:32]} 15. Bb5 {[%emt 0:00:48]} Rad8 {[%emt 0:07:21]} 16. O-O-O {
[%emt 0:05:28]} c4 {[%emt 0:03:13]} 17. g4 {[%emt 0:06:54]} Bc6 {[%emt 0:05:33]
} 18. Bxc6 {[%emt 0:01:29]} Qxc6 {[%emt 0:00:04]} 19. Qc2 {[%emt 0:00:22]} b5 {
[%emt 0:13:00]} 20. Nh4 {[%emt 0:03:11]} f5 {[%emt 0:00:31]} 21. Rhg1 {[%emt 0:
03:33]} Kh8 {[%emt 0:00:41]} 22. f3 {[%emt 0:05:36]} a5 {[%emt 0:05:11]} 23. e4
{[%emt 0:06:22]} fxe4 {[%emt 0:10:19]} 24. fxe4 {[%emt 0:00:53]} dxe4 {[%emt 0:
00:16]} 25. Rde1 {[%emt 0:02:18]} Rf4 {[%emt 0:01:34]} 26. Qe2 {[%emt 0:00:58]}
Rdf8 {[%emt 0:03:10]} 27. Ng2 {[%emt 0:03:51]} Rf2 {[%emt 0:00:22]} 28. Qxe4 {
[%emt 0:01:32]} Qxe4 {[%emt 0:04:05]} 29. Rxe4 {[%emt 0:00:08]} e5 {[%emt 0:03:
57]} 30. Ne1 {[%emt 0:04:08]} exd4 {[%emt 0:00:52]} 31. Rxd4 {[%emt 0:01:08]}
Nc5 {[%emt 0:03:18]} 32. Rd5 {[%emt 0:02:40]} Rc8 {[%emt 0:00:09]} 33. Rd2 {
[%emt 0:05:29]} Rf4 {[%emt 0:01:29]} 34. Kc2 {[%emt 0:02:43]} b4 {[%emt 0:05:
08]} 35. Rgg2 {[%emt 0:02:23]} Kg8 {[%emt 0:01:25]} 36. Rge2 {[%emt 0:02:41]}
Rxg4 {[%emt 0:01:48]} 37. Re7 {[%emt 0:00:05]} b3+ {[%emt 0:00:31]} 38. axb3 {
[%emt 0:00:21]} cxb3+ {[%emt 0:00:03]} 39. Kd1 {[%emt 0:00:24]} Ne4 {[%emt 0:
02:07]} 40. Rdd7 {[%emt 0:00:00]} Nf6 {[%emt 0:00:00]} 41. Rb7 {[%emt 0:08:27]}
Rd8+ {[%emt 0:06:46]} 42. Ke2 {[%emt 0:00:57]} a4 {[%emt 0:00:23]} 43. Nd3 {
[%emt 0:01:41]} Rh4 {[%emt 0:08:30]} 44. Rg7+ {[%emt 0:04:04]} Kh8 {[%emt 0:00:
09]} 45. Rgf7 {[%emt 0:00:34]} Re4+ {[%emt 0:09:37]} 46. Kf1 {[%emt 0:00:53]}
Re6 {[%emt 0:00:06]} 47. Nc5 {[%emt 0:07:20]} Re5 {[%emt 0:00:41]} 48. Rxf6 {
[%emt 0:03:51]} Rxc5 {[%emt 0:00:14]} 49. Ra7 {[%emt 0:00:06]} Rh5 {[%emt 0:01:
46]} 50. Rxa4 {[%emt 0:01:40]} Rxh6 {[%emt 0:00:05]} 51. Rf2 {[%emt 0:01:52]}
g5 {[%emt 0:02:38]} 1/2-1/2

[Event "25th European Club Cup Women 2021"]
[Site "Struga"]
[Date "2021.09.23"]
[Round "6.6"]
[White "Atalik, Ekaterina"]
[Black "Gunina, Valentina"]
[Result "0-1"]
[WhiteElo "2429"]
[BlackElo "2446"]
[Annotator "NA"]
[PlyCount "72"]
[EventDate "2021.09.18"]
[EventType "team-tourn"]
[EventCountry "MKD"]
[SourceTitle "playchess.com"]
[Source "ChessBase"]
[SourceQuality "1"]
[TimeControl "40/5400+30:1800+30"]

1. d4 {[%emt 0:00:05]} d5 {[%emt 0:00:05]} 2. Nf3 {[%emt 0:00:18]} Nf6 {
[%emt 0:00:10]} 3. Bf4 {[%emt 0:00:34]} c5 {[%emt 0:00:27]} 4. dxc5 {[%emt 0:
00:32]} e6 {[%emt 0:00:57]} 5. e3 {[%emt 0:01:14]} Bxc5 {[%emt 0:00:19]} 6. a3
{[%emt 0:00:17]} O-O {[%emt 0:00:26]} 7. Be2 {[%emt 0:00:33]} Nc6 {[%emt 0:03:
08]} 8. O-O {[%emt 0:00:20]} Qe7 {[%emt 0:03:51]} 9. Nc3 {[%emt 0:05:18]} Rd8 {
[%emt 0:01:37]} 10. Ne5 {[%emt 0:14:36]} Bd6 {[%emt 0:04:49]} 11. Nxc6 bxc6 {
[%emt 0:00:07]} 12. Bxd6 {[%emt 0:06:53]} Rxd6 {[%emt 0:00:04]} 13. b4 {
[%emt 0:04:22]} e5 {[%emt 0:00:41]} 14. Na4 {[%emt 0:11:05]} Bf5 {[%emt 0:02:
32]} 15. f3 {[%emt 0:05:46]} Nd7 {[%emt 0:00:41]} 16. Qd2 {[%emt 0:03:18]} Re8
{[%emt 0:03:59]} 17. Rad1 {[%emt 0:04:55]} Rg6 {[%emt 0:03:14]} 18. Rf2 {
[%emt 0:02:12]} Be6 {[%emt 0:03:37]} 19. c4 {[%emt 0:02:25]} Nb6 {[%emt 0:24:
58]} 20. Nxb6 {[%emt 0:01:45]} axb6 {[%emt 0:00:12]} 21. cxd5 {[%emt 0:00:30]}
Bxd5 {[%emt 0:00:05]} 22. Qc3 {[%emt 0:01:26]} e4 {[%emt 0:05:18]} 23. f4 {
[%emt 0:00:23]} Ra8 {[%emt 0:00:28]} 24. Bf1 {[%emt 0:03:07]} Qa7 {[%emt 0:01:
12]} 25. Ra1 {[%emt 0:00:42]} b5 {[%emt 0:03:30]} 26. Rd2 {[%emt 0:00:58]} Rd6
{[%emt 0:00:25]} 27. Be2 {[%emt 0:02:02]} h6 {[%emt 0:07:13]} 28. Bd1 {[%emt 0:
02:02]} Rdd8 {[%emt 0:00:32]} 29. Bc2 {[%emt 0:02:34]} Bc4 {[%emt 0:06:12]} 30.
Bxe4 {[%emt 0:09:56]} Rxd2 {[%emt 0:00:59]} 31. Qxd2 {[%emt 0:00:05]} Re8 {
[%emt 0:00:05]} 32. Bxc6 {[%emt 0:01:17]} Rxe3 {[%emt 0:00:07]} 33. Qf2 {
[%emt 0:01:12]} Qd4 {[%emt 0:00:44]} 34. Rc1 {[%emt 0:01:25]} Qd3 {[%emt 0:00:
57]} 35. h3 {[%emt 0:06:22]} Re2 {[%emt 0:04:11]} 36. Qa7 {[%emt 0:02:46]} Bd5
{[%emt 0:02:10]} 0-1

[Event "25th European Club Cup Women 2021"]
[Site "Struga"]
[Date "2021.09.23"]
[Round "6.7"]
[White "Badelka, Olga"]
[Black "Bulmaga, Irina"]
[Result "1-0"]
[WhiteElo "2422"]
[BlackElo "2407"]
[Annotator "NA"]
[PlyCount "45"]
[EventDate "2021.09.18"]
[EventType "team-tourn"]
[EventCountry "MKD"]
[SourceTitle "playchess.com"]
[Source "ChessBase"]
[SourceQuality "1"]
[TimeControl "40/5400+30:1800+30"]

1. c4 {[%emt 0:00:04]} e5 {[%emt 0:00:06]} 2. Nc3 {[%emt 0:00:13]} Nf6 {
[%emt 0:00:08]} 3. g3 {[%emt 0:00:17]} Nc6 {[%emt 0:00:09]} 4. Bg2 {[%emt 0:00:
17]} Bc5 {[%emt 0:00:18]} 5. e3 {[%emt 0:00:33]} d5 {[%emt 0:00:07]} 6. cxd5 {
[%emt 0:00:20]} Nb4 {[%emt 0:00:06]} 7. Nf3 {[%emt 0:00:44]} Nd3+ {[%emt 0:00:
52]} 8. Ke2 {[%emt 0:00:06]} Nxd5 {[%emt 0:01:03]} 9. Qa4+ {[%emt 0:00:15]} Bd7
{[%emt 0:04:28]} 10. Qe4 {[%emt 0:00:54]} N5b4 {[%emt 0:03:53]} 11. a3 {
[%emt 0:01:20]} f5 {[%emt 0:11:05]} 12. Qc4 {[%emt 0:02:14]} e4 {[%emt 0:05:20]
} 13. axb4 {[%emt 0:11:53]} exf3+ {[%emt 0:05:14]} 14. Bxf3 {[%emt 0:00:06]}
Ne5 {[%emt 0:11:04]} 15. Qxc5 {[%emt 0:01:28]} Nxf3 {[%emt 0:00:31]} 16. Kxf3 {
[%emt 0:05:50]} Bc6+ {[%emt 0:00:58]} 17. e4 {[%emt 0:01:18]} fxe4+ {[%emt 0:
06:29]} 18. Kg2 {[%emt 0:01:50]} Qf6 {[%emt 0:14:48]} 19. Rf1 {[%emt 0:03:41]}
O-O-O {[%emt 0:12:50]} 20. b5 {[%emt 0:02:44]} Qf3+ {[%emt 0:01:14]} 21. Kg1 {
[%emt 0:00:19]} Bd7 {[%emt 0:02:52]} 22. Nd5 {[%emt 0:00:53]} c6 {[%emt 0:03:
08]} 23. Rxa7 {[%emt 0:00:57]} 1-0

[Event "25th European Club Cup Women 2021"]
[Site "Struga"]
[Date "2021.09.23"]
[Round "6.8"]
[White "Stojkovska, Monika"]
[Black "Maltsevskaya, Aleksandra"]
[Result "0-1"]
[WhiteElo "2081"]
[BlackElo "2407"]
[Annotator "NA"]
[PlyCount "94"]
[EventDate "2021.09.18"]
[EventType "team-tourn"]
[EventCountry "MKD"]
[SourceTitle "playchess.com"]
[Source "ChessBase"]
[SourceQuality "1"]
[TimeControl "40/5400+30:1800+30"]

1. e4 {[%emt 0:00:03]} c5 {[%emt 0:00:07]} 2. Nf3 {[%emt 0:00:06]} e6 {[%emt 0:
00:07]} 3. d4 {[%emt 0:00:14]} cxd4 {[%emt 0:00:07]} 4. Nxd4 {[%emt 0:00:05]}
Nc6 {[%emt 0:00:05]} 5. Nc3 {[%emt 0:00:43]} a6 {[%emt 0:00:11]} 6. Nxc6 {
[%emt 0:01:02]} bxc6 {[%emt 0:00:08]} 7. Bd3 {[%emt 0:00:10]} d5 {[%emt 0:00:
08]} 8. O-O {[%emt 0:00:24]} Nf6 {[%emt 0:00:09]} 9. Re1 {[%emt 0:00:52]} Be7 {
[%emt 0:00:10]} 10. e5 {[%emt 0:00:10]} Nd7 {[%emt 0:00:06]} 11. Qg4 {[%emt 0:
00:17]} Kf8 {[%emt 0:00:08]} 12. Na4 {[%emt 0:02:13]} Bb7 {[%emt 0:08:21]} 13.
c4 {[%emt 0:03:19]} h5 {[%emt 0:14:44]} 14. Qe2 {[%emt 0:13:32]} d4 {[%emt 0:
07:22]} 15. b3 {[%emt 0:03:16]} c5 {[%emt 0:00:40]} 16. Be4 {[%emt 0:07:19]}
Qc7 {[%emt 0:00:47]} 17. Bxb7 {[%emt 0:07:15]} Qxb7 {[%emt 0:00:08]} 18. Qe4 {
[%emt 0:00:27]} Qxe4 {[%emt 0:05:53]} 19. Rxe4 {[%emt 0:00:02]} a5 {[%emt 0:06:
00]} 20. Nb2 {[%emt 0:10:13]} g6 {[%emt 0:01:56]} 21. Nd3 {[%emt 0:04:22]} Kg7
{[%emt 0:02:11]} 22. Bd2 {[%emt 0:02:48]} Rhb8 {[%emt 0:00:41]} 23. Rb1 {
[%emt 0:05:16]} Nb6 {[%emt 0:07:52]} 24. Rc1 {[%emt 0:01:14]} Nd7 {[%emt 0:06:
01]} 25. Rb1 {[%emt 0:01:58]} a4 {[%emt 0:01:33]} 26. b4 {[%emt 0:02:37]} a3 {
[%emt 0:01:11]} 27. Ree1 {[%emt 0:11:42]} cxb4 {[%emt 0:02:13]} 28. Bxb4 {
[%emt 0:05:56]} Bxb4 {[%emt 0:00:08]} 29. Rxb4 {[%emt 0:00:26]} Rxb4 {[%emt 0:
00:22]} 30. Nxb4 {[%emt 0:00:01]} Rc8 {[%emt 0:02:06]} 31. Nc2 {[%emt 0:03:45]}
Rxc4 {[%emt 0:00:47]} 32. Nxa3 {[%emt 0:00:11]} Ra4 {[%emt 0:00:29]} 33. Nb5 {
[%emt 0:02:23]} Rb4 {[%emt 0:01:34]} 34. a4 {[%emt 0:06:16]} Nxe5 {[%emt 0:00:
23]} 35. f4 {[%emt 0:01:30]} Nd3 {[%emt 0:00:49]} 36. Rd1 {[%emt 0:01:21]} Nxf4
{[%emt 0:00:09]} 37. g3 {[%emt 0:00:52]} Ne2+ {[%emt 0:00:08]} 38. Kf1 {
[%emt 0:00:14]} Nc3 {[%emt 0:00:08]} 39. Nxc3 {[%emt 0:01:38]} dxc3 {[%emt 0:
00:07]} 40. Rc1 {[%emt 0:00:00]} Rxa4 {[%emt 0:00:00]} 41. Rxc3 {[%emt 0:00:21]
} Ra2 {[%emt 0:00:20]} 42. Kg1 {[%emt 0:00:09]} g5 {[%emt 0:00:11]} 43. Rc5 {
[%emt 0:00:57]} f5 {[%emt 0:00:22]} 44. Rb5 {[%emt 0:00:31]} Kf6 {[%emt 0:00:
17]} 45. Rc5 {[%emt 0:00:29]} h4 {[%emt 0:00:16]} 46. gxh4 {[%emt 0:00:57]}
gxh4 {[%emt 0:00:08]} 47. Rc8 {[%emt 0:00:10]} e5 {[%emt 0:00:15]} 0-1

[Event "25th European Club Cup Women 2021"]
[Site "Struga"]
[Date "2021.09.23"]
[Round "6.9"]
[White "Goryachkina, Aleksandra"]
[Black "Peycheva, Gergana"]
[Result "1-0"]
[WhiteElo "2608"]
[BlackElo "2331"]
[Annotator "TA"]
[PlyCount "30"]
[EventDate "2021.09.18"]
[EventType "team-tourn"]
[EventCountry "MKD"]
[SourceTitle "playchess.com"]
[Source "ChessBase"]
[SourceQuality "1"]

{[%evp 10,17,42,43,35,36,39,6,7,-8]} 1. e4 c5 2. Nf3 Nc6 3. c3 d5 4. exd5 Qxd5
5. d4 Bf5 6. Be3 Nf6 {6...cxd4 is the modern continuation. B22: Sicilian: 2 c3.
} 7. Na3 {Black must now prevent Bc4.} e6 8. dxc5 O-O-O 9. Qb3 $5 {[%mdl 4] [#]
Black took control after the opening.  Weighted Error Value: White=0.09/
Black=0.00. Loss on time!? Exploring less charted territory.} {Predecessor:}
Ng4 $146 10. Qxd5 Rxd5 11. b4 Nxe3 12. fxe3 Be7 13. Nd4 Be4 14. Nc4 Rhd8 15.
Nd2 Bh4+ {1-0 (42) Kuvsinov,A (1767)-Vaitonis,V (1926) Plateliai 2017} 1-0

[Event "25th European Club Cup Women 2021"]
[Site "Struga"]
[Date "2021.09.23"]
[Round "6.10"]
[White "Toncheva, Nadya"]
[Black "Cramling, Pia"]
[Result "0-1"]
[WhiteElo "2178"]
[BlackElo "2455"]
[Annotator "TA"]
[PlyCount "31"]
[EventDate "2021.09.18"]
[EventType "team-tourn"]
[EventCountry "MKD"]
[SourceTitle "playchess.com"]
[Source "ChessBase"]
[SourceQuality "1"]

{[%evp 9,9,22]} 1. d4 d5 2. c4 e6 3. Nc3 Be7 4. cxd5 exd5 5. Bf4 {[#] An
uneventful encounter.} {Predecessor:} c6 $146 6. e3 {D31: Queen's Gambit
Declined: Semi-Slav without ...Nf6 (+ Marshall Gambit and Noteboom) and
Exchange Variation lines without ...Nf6.} Bf5 7. g4 Be6 8. Bd3 Nd7 9. h4 Qb6
10. Rb1 h6 11. Bf5 Bxf5 12. gxf5 Ngf6 13. Nf3 Ne4 14. Kf1 Qa6+ 15. Qe2 Qxe2+
16. Kxe2 {1/2-1/2 (35) Abdusattorov,N (2648)-Andreikin,D (2728) Yasnaya
Polyana 2021} 0-1